| 000 | 00544nam a2200133Ia 4500 | ||
|---|---|---|---|
| 008 | 220615s9999||||xx |||||||||||||| ||und|| | ||
| 100 | _aDavradakis, Emmanouil||Santos, Ricardo | ||
| 245 | 0 | _aEIB Working Papers 2019/01 - Blockchain, FinTechs and their relevance for international financial institutions (Volume 2019/1) | |
| 546 | _aEnglish[eng] | ||
| 650 | _aBusiness & Economics||Finance||General | ||
| 700 | _aEuropean Investment Bank | ||
| 856 | _uhttps://library.oapen.org/bitstream/20.500.12657/43413/1/external_content.pdf | ||
| 942 | _cEB | ||
| 999 |
_c18074 _d18074 |
||